000 01202nam a2200313 a 4500
999 _c60137
_d60137
003 BLK
005 20240918161533.0
008 180408b bul|||||r ||||||| ||bul||
010 _aKNG00064273000
040 _aBLK
041 _aBUL
_cBUL
080 _aТапицерство и декораторство
_b684.7
_x(035)
_z684.7(035)
100 1 _aИлчев, Христо Стефанов
_9289664
139 _aИлчев, Христо Стефанов
_bИ 58
245 1 0 _aРъководство по тапицерство и декораторство
_cХристо Ст. Илчев; науч. ред. Димитър Атанасов.
257 _aBGR
260 _aСофия
_bТехника
_c1970
300 _a264 с.
_c22 см
380 _a62
650 4 _aТапицерство
_9173191
653 _aтапицерство
653 _aдекораторство
653 _aръководства
700 1 _aАтанасов, Димитър
_eнауч. ред.
_gСтрагачев, Димитър Атанасов
_9369894
852 _aЦб 56653
_bЦб
942 _cKNG
_n0
_s1
_01
944 _aCR
_c13.06.2004
_k30530
_lМинев Младен
944 _aED
_c2022-07-04
_kГГГ